ਅਣਜਿੱਭੀ ਲੰਕਾ ਦੇ ਰਾਮ : (Record no. 109947)

MARC details
000 -LEADER
fixed length control field 00942nam a22002537a 4500
005 - DATE AND TIME OF LATEST TRANSACTION
control field 20170123164145.0
010 ## - LIBRARY OF CONGRESS CONTROL NUMBER
LC control number B-055171
020 ## - INTERNATIONAL STANDARD BOOK NUMBER
International Standard Book Number 8178830434
Terms of availability 150.00
035 ## - SYSTEM CONTROL NUMBER
System control number B-055171
037 ## - SOURCE OF ACQUISITION
Source of stock number/acquisition Cen Lib / Ret
040 ## - CATALOGING SOURCE
Original cataloging agency DPL
082 ## - DEWEY DECIMAL CLASSIFICATION NUMBER
Classification number
Item number ਅਮਰ
100 ## - MAIN ENTRY--PERSONAL NAME
Personal name ਅਮਰਜੀਤ ਸਿੰਘ
9 (RLIN) 128713
245 ## - TITLE STATEMENT
Title ਅਣਜਿੱਭੀ ਲੰਕਾ ਦੇ ਰਾਮ :
Statement of responsibility, etc ਅਮਰਜੀਤ ਸਿੰਘ
Remainder of title ਨਾਵਲ /
246 ## - VARYING FORM OF TITLE
Title proper/short title Anjitti lanka de ram : novel /
Remainder of title by Amarjit Singh
260 ## - PUBLICATION, DISTRIBUTION, ETC. (IMPRINT)
Place of publication, distribution, etc ਲੁਧਿਆਣਾ
Name of publisher, distributor, etc ਚੇਤਨਾ ਪ੍ਰਕਾਸ਼ਨ
Date of publication, distribution, etc 2001
270 ## - ADDRESS
City ਦਿੱਲੀ
Postal code 413613
Address ਪੰਜਾਬੀ ਭਵਨ
300 ## - PHYSICAL DESCRIPTION
Extent 219p.
Dimensions 22cm(Hb)
650 ## - SUBJECT ADDED ENTRY--TOPICAL TERM
Topical term or geographic name as entry element ਸਾਹਿਤ -- ਪੰਜਾਬੀ
9 (RLIN) 128714
650 ## - SUBJECT ADDED ENTRY--TOPICAL TERM
Topical term or geographic name as entry element ਪੰਜਾਬੀ ਨਾਵਲ
9 (RLIN) 128715
650 ## - SUBJECT ADDED ENTRY--TOPICAL TERM
Topical term or geographic name as entry element Literature -- Punjabi
9 (RLIN) 128716
650 ## - SUBJECT ADDED ENTRY--TOPICAL TERM
Topical term or geographic name as entry element Punjabi Novel
9 (RLIN) 6285
942 ## - ADDED ENTRY ELEMENTS (KOHA)
Source of classification or shelving scheme Dewey Decimal Classification
Koha item type Punjabi Bks
Edition
Classification part
Call number suffix ਅਮਰ
Holdings
Withdrawn status Lost status Damaged status Not for loan Home library Current library Date acquired Source of acquisition Cost, normal purchase price Total Checkouts Full call number Barcode Date last seen Copy number Cost, replacement price Price effective from Koha item type
        Central Library Central Library 11/01/2016 Cen Lib/Ret 150.00   ੳ ਅਮਰ B-055171 11/01/2016 1 150.00 11/01/2016 Punjabi Bks

© Delhi Public Library
Hit Counter
free hit counter